50 maiores municípios da Região Sul do Brasil - Statistics

Estatísticas Gerais
  • Esse quiz foi jogado 471 vezes
  • A pontuação média é 32 de 50
Estatísticas das Respostas
Posição Município Estado População % Correto
1 Curitiba PR 1.917.185
99%
6 Florianópolis SC 492.977
99%
2 Porto Alegre RS 1.479.101
99%
3 Joinville SC 583.144
96%
4 Londrina PR 563.943
93%
22 Chapecó SC 216.654
90%
5 Caxias do Sul RS 504.069
88%
8 Blumenau SC 352.460
87%
7 Maringá PR 417.010
87%
11 Pelotas RS 341.648
87%
16 Foz do Iguaçu PR 258.823
85%
12 Cascavel PR 324.476
84%
19 São José SC 242.927
83%
14 Santa Maria RS 280.505
82%
24 Criciúma SC 213.023
81%
9 Ponta Grossa PR 348.043
81%
10 Canoas RS 344.957
73%
13 São José dos Pinhais PR 317.476
71%
18 Novo Hamburgo RS 246.452
70%
35 Balneário Camboriú SC 138.732
69%
23 Itajaí SC 215.895
69%
43 Uruguaiana RS 127.079
68%
25 Rio Grande RS 210.005
67%
31 Lages SC 157.743
66%
27 Passo Fundo RS 201.767
65%
32 Paranaguá PR 153.666
61%
21 São Leopoldo RS 234.947
61%
45 Bagé RS 120.943
60%
38 Brusque SC 131.703
60%
17 Viamão RS 254.101
57%
15 Gravataí RS 279.398
56%
30 Palhoça SC 168.259
56%
36 Toledo PR 138.572
56%
46 Bento Gonçalves RS 119.049
55%
29 Jaraguá do Sul SC 174.158
55%
28 Guarapuava PR 180.334
53%
33 Araucária PR 141.410
50%
20 Colombo PR 240.840
50%
39 Pinhais PR 130.789
48%
49 Umuarama PR 110.590
43%
26 Alvorada RS 209.213
42%
41 Santa Cruz do Sul RS 129.427
41%
37 Apucarana PR 133.726
40%
44 Arapongas PR 121.198
39%
40 Campo Largo PR 130.091
37%
42 Cachoeirinha RS 129.307
36%
47 Almirante Tamandaré PR 117.168
32%
50 Cambé PR 105.704
32%
34 Sapucaia do Sul RS 140.311
32%
48 Piraquara PR 111.052
24%
Nenhum quiz correspondente encontrado
Distribuição das Pontuações
Porcentagem de Pessoas com Cada Pontuação
Percentil de Números Respondidos
Sua Pontuação Histórica
Você não jogou esse quiz